000 00221nam a22000857a 4500
008 160705b xxu||||| |||| 00| 0 eng d
100 _92281
_a Tulloch, S
245 _aComplete Wordfinder
260 _aLon
_b Reader's Digest
_c1990
999 _c1963
_d1963